Baden-Powell, founder of Scouts - Statistics

General Stats
  • This quiz has been taken 20 times
    18 since last reset
  • The average score is 11 of 16
Answer Stats
Question Answer % Correct
What is Baden-Powell full name ? Robert Stephenson Smyth Baden-Powell of Gilwell
100%
What is the nationality of Lord Baden-Powell ? English
94%
Were was the first experimental scout camp in 1907 ? Brownsea Island
89%
Who is the wife of Baden-Powell ? Olave Saint-Clair Soames
89%
Who was the leader of this newly created Scout association ? Agnès Baden-Powell
78%
Where did Baden-Powell retire and died ? in Kenya
78%
Which one of these Baden-Powell's book was written in 1908 on the bases of scouting and the scout method ?
72%
What is the birthday of Lord Baden-Powell ? 22th February 1857
72%
Which scouting branch was officially created in 1910 by Baden-Powell ? Scouting for Girls
72%
During which colonial war, defended Lord Baden-Powell the town of Mafeking for 217 days against a siege of 8,000 soldiers ? the Second Boers war
72%
During which scout event Baden-Powell was acclaimed as "Chief Scout of the World" 1st World Scout Jamboree in 1920
67%
What is the name of the Scouting branch for kids between 8 and 12 years, inspired by the universe of the Jungle Book of Rudyard Kipling ? Cubs
61%
Which trail sign is beared on the grave of Lord Baden-Powell and his spouse ?
56%
What are the names of Baden-Powell childrens ? Peter, Heather and Betty
50%
Which scout tradition was inspired to Baden-Powell after meeting with the zoulou leader Dinizulu ? the woodbadge
39%
In which famous public school in Londres, known for its strict discipline, attended Baden-Powell ? Charterhouse School
28%
No matching quizzes found
Score Distribution
Percent of People with Each Score
Percentile by Number Answered
Your Score History
You have not taken this quiz since the last reset